Стиль Пушкина / (Record no. 319213)
[ view plain ]
| 000 -LEADER | |
|---|---|
| fixed length control field | 00653nam a2200205 a 4500 |
| 001 - CONTROL NUMBER | |
| control field | 000943586 |
| 003 - CONTROL NUMBER IDENTIFIER | |
| control field | AM-YeHGA |
| 005 - DATE AND TIME OF LATEST TRANSACTION | |
| control field | 20250618074147.0 |
| 008 - FIXED-LENGTH DATA ELEMENTS--GENERAL INFORMATION | |
| fixed length control field | 130131s1941 ru r 000 0 rus d |
| 040 ## - CATALOGING SOURCE | |
| Original cataloging agency | AM-YeHGA |
| 041 0# - LANGUAGE CODE | |
| Language code of text/sound track or separate title | rus |
| 090 ## - LOCALLY ASSIGNED LC-TYPE CALL NUMBER (OCLC); LOCAL CALL NUMBER (RLIN) | |
| -- | 320948 |
| 100 1# - MAIN ENTRY--PERSONAL NAME | |
| Personal name | Виноградов, Виктор Владимирович |
| 245 10 - TITLE STATEMENT | |
| Title | Стиль Пушкина / |
| Statement of responsibility, etc. | В.В. Виноградов. |
| 260 ## - PUBLICATION, DISTRIBUTION, ETC. | |
| Place of publication, distribution, etc. | Москва : |
| Name of publisher, distributor, etc. | Гослитиздат, |
| Date of publication, distribution, etc. | 1941. |
| 300 ## - PHYSICAL DESCRIPTION | |
| Extent | 620 с. |
| 600 14 - SUBJECT ADDED ENTRY--PERSONAL NAME | |
| Personal name | Пушкин, Александр Сергеевич, |
| Dates associated with a name | 1799-1837 |
| 9 (RLIN) | 8888 |
| 650 14 - SUBJECT ADDED ENTRY--TOPICAL TERM | |
| Topical term or geographic name entry element | Литературная критика |
| 942 ## - ADDED ENTRY ELEMENTS (KOHA) | |
| Source of classification or shelving scheme | Universal Decimal Classification |
| Koha item type | Գրքեր / Books |
| Withdrawn status | Lost status | Damaged status | Not for loan | Collection | Home library | Current library | Date acquired | Total checkouts | Full call number | Barcode | Date last seen | Price effective from | Koha item type | Public note | Source of classification or shelving scheme |
|---|---|---|---|---|---|---|---|---|---|---|---|---|---|---|---|
| General | Fundamental Scientific Library | Fundamental Scientific Library | 09/01/2017 | PII/490632 | FL0252752 | 09/01/2017 | 09/01/2017 | Գրքեր / Books | 30 Days Loan | ||||||
| General | Fundamental Scientific Library | Fundamental Scientific Library | 09/01/2017 | PII/490633 | FL0252751 | 09/01/2017 | 09/01/2017 | Գրքեր / Books | 30 Days Loan | ||||||
| Kusikian Individual Collection | Fundamental Scientific Library | Fundamental Scientific Library | 17/03/2025 | Кус/1709 | FL0686250 | 17/03/2025 | 17/03/2025 | Գրքեր / Books | ILL Non-Circ. | Universal Decimal Classification |
ՀՀ Գիտությունների ազգային ակադեմիայի հիմնարար գիտական գրադարան = Fundamental Scientific Library of NAS RA
All site content, except where otherwise noted, is licensed under a